| 000 | 00396 a2200157 4500 | ||
|---|---|---|---|
| 020 | _a 9960397777 | ||
| 082 | _a 210 | ||
| 090 |
_c3088 _d3088 |
||
| 100 | _aImtiaz Ahmad | ||
| 245 |
_aSpeeches for an inquring mind _cImtiaz Ahmad |
||
| 260 |
_aIslamabad: , _bInstant Print System _c2001 |
||
| 300 |
_a 180 p. _c 21 cm. |
||
| 500 | _aIncludes Index | ||
| 650 | _aIslamic Law. | ||
| 942 |
_cBK _k210 IMZ |
||
| 999 |
_c7004 _d7004 |
||